LEADER 01042nam a2200265 i 4500 001 000000223553 003 CaOOAMICUS 005 20131015000000.0 008 131015s2007 it u000 u ger u 013 $a202450 020 $a978-3-579-06465-9 040 $aSeMil$bita 245 10$aReligionsmonitor 2008 /$cStiftung Bertelsmann. 260 $aGütersloh :$bGütersloher Verlagshaus,$c2007. 300 $a285 p. :$bill. ;$c22 cm. 500 $aFondo card. C. M. Martini. 650 4$aReligiosità - Inchieste sociologiche.$0(OLS)http://semarc/subject/36971 700 1 $aBertelsmann Stiftung.$0(OLS)http://semarc/name/53002 850 $aSeMil 852 $aSeMil$W1$xVenegono$y1$m3N VI 385$j173899$B173899$CSeMilBibl$Z2$F185522 $81 941 1 $a4 961 $aLascito: Martini Card. Carlo Maria 996 $6020$a978-3-579-06465-9$9(OLS)http://semarc/number/223612 996 $6245$aReligionsmonitor 2008$9(OLS)http://semarc/title/320539 996 $6260$aGütersloh :$bGütersloher Verlagshaus$9(OLS)http://semarc/publisher/31071 LEADER 00955nam a2200217 i 4500 001 000000202809 003 CaOOAMICUS 005 20110603000000.0 008 110603s1919 it u000 u ita u 013 $a181520 040 $aSeMil$bita 100 1 $aZanolini, Vigilio .$0(OLS)http://semarc/name/73259 245 13$aIl Vescovo di Trento e il Governo Austriaco durante la Guerra Europea /$cSac. Prof. Vigilio Zanolini. 260 $aMilano :$bVita e Pensiero,$c1919. 300 $a274 p., [1] p. di ritratto ;$c19 cm. 500 $aContiene : Appendice. 650 4$aGuerra mondiale <1914-1918> - Italia.$0(OLS)http://semarc/subject/4096 850 $aSeMil 852 $aSeMil$W1$xVenegono$y1$m3U I 38$j153308$B153308$CSeMilBibl$Z2$F164290 $81 996 $6245$aIl Vescovo di Trento e il Governo Austriaco durante la Guerra Europea$9(OLS)http://semarc/title/293552 996 $6260$aMilano :$bVita e Pensiero$9(OLS)http://semarc/publisher/29642